000
00220nam a2200097Ia 4500
008
220204s9999 xx 000 0 und d
082
_a
82-3
_b
WAL
100
_a
Waller, Leslie
245
0
_a
Hide in plain sight
942
_c
BK
999
_c
32943
_d
32943